Statistics for Longest 10 Rivers in the World

Click here to take the quiz!

General Stats

  • This quiz has been taken 31 times
  • The average score is 7 of 10

Answer Stats

LengthAnswer% Correct
6575Amazon River
100%
6650Nile River
100%
5464Yellow River
93%
6300Yangtze River
87%
6275Mississippi | Missouri River
83%
4700Congo | Chambeshi River
73%
5410Ob | Irtysh River
50%
5539Yenisei | Angara | Selenga River
40%
4444Amur | Argun River
33%
4880Rio De La Plata
17%

Score Distribution

Percentile by Number Answered

Percent of People with Each Score

Your Score History

You have not taken this quiz